Kifo hadi uzima (Record no. 15533)
[ view plain ]
| 000 -LEADER | |
|---|---|
| fixed length control field | 00635cgm a22002171 4500 |
| 001 - CONTROL NUMBER | |
| control field | 0000008952 |
| 005 - DATE AND TIME OF LATEST TRANSACTION | |
| control field | 20151217161726.0 |
| 007 - PHYSICAL DESCRIPTION FIXED FIELD--GENERAL INFORMATION | |
| fixed length control field | vf cbahou |
| 008 - FIXED-LENGTH DATA ELEMENTS--GENERAL INFORMATION | |
| fixed length control field | 080624s xx--- vleng d |
| 020 ## - INTERNATIONAL STANDARD BOOK NUMBER | |
| Terms of availability | KES 520 |
| 040 ## - CATALOGING SOURCE | |
| Original cataloging agency | KABU |
| Transcribing agency | KABU |
| 245 00 - TITLE STATEMENT | |
| Title | Kifo hadi uzima |
| Medium | [videorecording] : |
| Remainder of title | ulevi na uasherati ni adui kwa jamii. |
| 260 ## - PUBLICATION, DISTRIBUTION, ETC. (IMPRINT) | |
| Place of publication, distribution, etc. | Nairobi : |
| Name of publisher, distributor, etc. | Good News Production, |
| Date of publication, distribution, etc. | 1996. |
| 300 ## - PHYSICAL DESCRIPTION | |
| Extent | 1 videocassette (68 min.) : |
| Other physical details | sd., col ; |
| Dimensions | 1/2 in. |
| 538 ## - SYSTEM DETAILS NOTE | |
| System details note | VHS. |
| 650 #0 - SUBJECT ADDED ENTRY--TOPICAL TERM | |
| Topical term or geographic name as entry element | Sin. |
| -- | 0000149444 |
| 650 #0 - SUBJECT ADDED ENTRY--TOPICAL TERM | |
| Topical term or geographic name as entry element | Vices. |
| -- | 0000159759 |
| 908 ## - PUT COMMAND PARAMETER (RLIN) | |
| Put command parameter | 080624 |
| 950 ## - LOCAL HOLDINGS (RLIN) | |
| -- | 1 |
| Withdrawn status | Lost status | Source of classification or shelving scheme | Not for loan | Home library | Current library | Date acquired | Total Checkouts | Full call number | Barcode | Date last seen | Price effective from | Koha item type |
|---|---|---|---|---|---|---|---|---|---|---|---|---|
| Library of Congress Classification | Kabarak, Main Campus | Kabarak, Main Campus | 17/12/2015 | BV4625 .K54 c. 1 | 012806 | 17/12/2015 | 17/12/2015 | Visual Materials |